=LDR 00000nam 2200000 4500 =001 INLIS000000000044117 =005 20131008104735 =008 ***********************************ind** =035 ##$$0010-101300000002039 =041 ##$$a ind =082 ##$$a 92 (Hartinah) =090 ##$$a 92 (Hartinah), GAF p =100 ##$$a Gafur, Abdul =245 ##$$a Pahlawan Nasional Hj. Fatimah Siti Hartinah Soeharto, Abdul Gafur =260 ##$$a 1997 $b Jakarta =300 ##$$a xxi, 447 hlm., ilus., 27 cm =650 ##$$a Biografi Ibu Tien Soeharto =850 ##$$a NBPNMAT